| 000 | 00798nam a22002537a 4500 | ||
|---|---|---|---|
| 001 | 240007 | ||
| 003 | DO-SdBNP | ||
| 005 | 20180126090625.0 | ||
| 007 | 240007 | ||
| 008 | 160314b 1997 nyu xxu||||| |||| 00| 0 spa d | ||
| 020 | _a0590763717 | ||
| 040 |
_aBPMSU _bspa _cBPMSU |
||
| 092 |
_axxxx _bxxxx |
||
| 100 | 1 |
_aPoe, Edgar Allan, _d1809-1849. |
|
| 245 | 1 | 0 |
_aForgotten tales / _cEdgar Allan Poe. |
| 260 |
_aNew York, N.Y. : _bScholastic, _c1997. |
||
| 300 |
_a89 p. ; _c17 cm. |
||
| 490 | 1 | _aApple classics. | |
| 505 | 0 | _aThe spectacles -- The oblong box -- The premature burial -- The oval portrait -- Morella -- Shadow -- a parable -- The sphinx. | |
| 830 | 0 | _aApple classics | |
| 942 |
_2ddc _cBK |
||
| 945 | _aInventariado, 2018 / YL | ||
| 956 |
_2LOPEREZ _310 _620160314 _800260 |
||
| 999 |
_c9228 _d9228 |
||